012770000a22003130004500003001100000008004100011040003900052041000800091082001300099245002900112260006400141300000900205490004200214650009700256650001700353650002200370650002000392650002000412650002300432650002300455650003900478650011600517650002700633650002100660650017200681942000700853952008800860999001500948LK-CoMWRAF230817t ||||| |||| 00| 0 eng d aLK-CoMWRAFdLK-CoMWRAFeLK-CoMWRAF aeng a336bMIG aThe Migrant House Maidb bCentre for Society & ReligionaColombo 10 (Sri Lanka)c1989 ap.82 aLogos - Vol: 28, No. 02 (August 1989) aA Study of Problems in families of Migratory Mothers as seen in a Paediatric unit in Colombo aCase Studies aCost of Migration aEarnings Abroad aEconomic Status aEducational Status aImpact on Children aMethodology